00318 2200133 4500001002100000005001500021035002000036245005600056300000700112260003300119082000800152084001200160990001200172INLIS00000000000208320250527095530 a0010-0525000375 aSopan Santn Berlalu-Lintas /cAlnurrizki Muthfisari a60 bMaraga Borneo Tarigas,c2007 a300 a300 SOP a0713225